000 00696nam a2200205 a 4500
001 000016265
005 20200929164338.0
008 100302s1977 dr 000 0 spa d
040 _aDO-SdBNP
082 _axxx
_bV331c
100 1 _aVasconi, T. A.
_936328
245 1 0 _aContra la escuela :
_bborradores para una crítica marxista de la educación /
_cT. A. Vasconi.
260 _aSanto Domingo :
_bPublicaciones de la UASD,
_c1977.
300 _a40 P.
490 1 _aUASD critica
_vno. 17
_vvol. 233
500 _aIncluye datos biográficos del autor en la contracubierta
500 _aIncluye notas al pie de las páginas
830 0 _aUASD critica
_nno. 17
_vvol. 233
_936329
049 _aBNPD
999 _c15802
_d15802